Історія України: Запитання і відповіді (Запис № 307084)

МАРК-запис
000 -Лідер
fixed length control field 00612nam a22002537a 4500
003 - Ідентифікатор контрольного номера
control field UA-OsUOA
001 - Контрольний номер
control field 20896
007 - Фіксоване поле фізичного опису
fixed length control field ta
008 - Елементи даних фіксованої довжини – загальна інформація
fixed length control field 20031107b un ||||| |||| 00| 0 ukr d
090 ## - Локальний шифр розміщення
Класифікаційний індекс УДК 94(477)
Авторський знак (НП) Б77
040 ## - Джерело каталогізації
Агенція оригінальної каталогізації UA-OsUOA
Мова каталогізації ukr
Агенція, яка здійснювала перезапис UA-OsUOA
Агенція, яка здійснювала модифікацію UA-OsUOA
041 ## - Код мови
Код мови тексту/ звукової доріжки чи окремого заголовка (П) ukr
080 ## - Індекс Універсальної десяткової класифікації
Індекс Універсальної десяткової класифікації (УДК) (НП) 94(477)
020 ## - Міжнародний стандартний книжковий номер (ISBN)
Міжнародний стандартний книжковий номер (ISBN) (НП) 966-580-008-6
044 ## - Код країни видавця/ виробника
Код країни видавця/ виробника (П) UA
100 ## - Основне введення – ім’я особи
Ім’я особи (НП) Бойко О.Д.
245 ## - Відомості про назву
Назва (НП) Історія України: Запитання і відповіді
260 ## - Публікація, розповсюдження і т.п. (Вихідні дані)
Місце публікації, розповсюдження і т.п. (П) Київ
Ім’я/ наймення видавництва, розповсюджувача і т.п. (П) Академія
Дата публікації, розповсюдження і т.п. (П) 1997
300 ## - Фізичний опис
Обсяг 320 с.
650 #7 - Додаткове предметне введення – тематичний термін
Джерело заголовка чи терміна UDC
942 ## - Додаткові елементи входу (Коха)
Тип елемента Koha Книги
955 ## - Код типу видання за змістом
Код типу видання за змістом (НП) інше
Фонди
Стан вилучень Стан втрат Джерело класифікації або схеми стелажів Стан уражень Не для кредиту Постійне місце розташування Поточне розміщення Дата придбання Інвентарний номер Усього замовленно Повний номер виклику Штрих-код Дата останнього перегляду Ціна ефективна від Тип елемента Koha Вартість, звичайна ціна покупки Дата останньої перевірки
    Universal Decimal Classification     АБ - Абонемент НБ АБ - Абонемент НБ 07/11/2003 52398   94(477) Б77 52398 21/01/2022 07/11/2003 Книги    
    Universal Decimal Classification     АБ - Абонемент НБ АБ - Абонемент НБ 07/11/2003 52400   94(477) Б77 52400 21/01/2022 07/11/2003 Книги 19.33  
    Universal Decimal Classification     АБ - Абонемент НБ АБ - Абонемент НБ 07/11/2003 52401 1 94(477) Б77 52401 21/01/2022 07/11/2003 Книги 2.00 03/09/2019
    Universal Decimal Classification     АБ - Абонемент НБ АБ - Абонемент НБ 17/08/2007 52402   94(477) Б77 52402 21/01/2022 07/11/2003 Книги    
    Universal Decimal Classification     АБ - Абонемент НБ АБ - Абонемент НБ 17/08/2007 52403   94(477) Б77 52403 21/01/2022 07/11/2003 Книги